[Event "Syre Memorial op 29th"]
[Site "Issy les Moulineaux"]
[Date "2006.05.26"]
[Round "3"]
[White "Kahla, Souhaiel"]
[Black "Pira, Davoud"]
[Result "1-0"]
[WhiteElo "2050"]
[BlackElo "2395"]
[PlyCount "56"]
[EventDate "2006.05.25"]
[EventType "swiss"]
[EventRounds "6"]
[EventCountry "FRA"]
[SourceTitle "EXT 2007"]
[Source "ChessBase"]
[SourceDate "2006.11.23"]
[SourceVersion "1"]
[SourceVersionDate "2006.11.23"]
[SourceQuality "1"]

1. e4 c5 2. Nf3 Nc6 3. d4 cxd4 4. Nxd4 e6 5. c3 d5 6. Bb5 Bd7 7. exd5 exd5 8. 0-0 Bd6 9. Nf3 Nge7 10. c4 a6 11. Ba4 d4 12. Bxc6 Nxc6 13. Nxd4 Bxh2+ 14. Kxh2 Qh4+ 15. Kg1 Qxd4 16. Qxd4 Nxd4 17. Re1+ Be6 18. Na3 0-0 19. Be3 Rfd8 20. Red1 Nc6 21. b3 Nb4 22. Bd2 Nc6 23. Be3 Bf5 24. Bb6 Re8 25. Rd2 Re6 26. c5 Ne5 27. Rad1 Kf8 28. Bc7 Rc8 1-0

[Event "Malakoff op 5th"]
[Site "Malakoff"]
[Date "2006.04.15"]
[Round "9"]
[White "Pira, Davoud"]
[Black "Gladyszev, Oleg"]
[Result "1/2-1/2"]
[WhiteElo "2395"]
[BlackElo "2430"]
[PlyCount "42"]
[EventDate "2006.04.08"]
[EventType "swiss"]
[EventRounds "9"]
[EventCountry "FRA"]
[SourceTitle "CBM 111 Extra"]
[Source "ChessBase"]
[SourceDate "2006.05.09"]
[SourceVersion "1"]
[SourceVersionDate "2006.05.09"]
[SourceQuality "1"]

1. d4 Nf6 2. Nf3 g6 3. g3 Bg7 4. Bg2 0-0 5. 0-0 d6 6. Nc3 d5 7. Re1 c6 8. e4 dxe4 9. Nxe4 Nbd7 10. Nxf6+ Nxf6 11. c3 Bg4 12. Qb3 Bxf3 13. Bxf3 Qd7 14. Re2 Rfe8 15. Bd2 Nd5 16. Rae1 Rac8 17. a4 e6 18. h4 h6 19. Bg2 b6 20. Bh3 Qd6 21. c4 Ne7 1/2-1/2

[Event "Malakoff op 5th"]
[Site "Malakoff"]
[Date "2006.04.11"]
[Round "5"]
[White "Pira, Davoud"]
[Black "Lebeugle, Arnaud"]
[Result "1-0"]
[WhiteElo "2395"]
[BlackElo "2074"]
[PlyCount "45"]
[EventDate "2006.04.08"]
[EventType "swiss"]
[EventRounds "9"]
[EventCountry "FRA"]
[SourceTitle "CBM 111 Extra"]
[Source "ChessBase"]
[SourceDate "2006.05.09"]
[SourceVersion "1"]
[SourceVersionDate "2006.05.09"]
[SourceQuality "1"]

1. d4 d5 2. c4 c6 3. Nf3 Nf6 4. e3 e6 5. Nbd2 Bd6 6. b3 Nbd7 7. Bb2 0-0 8. Bd3 c5 9. 0-0 b6 10. Ne5 Bb7 11. cxd5 cxd4 12. Nxd7 Qxd7 13. dxe6 Qxe6 14. Bxd4 Ng4 15. h3 Bh2+ 16. Kh1 Ne5 17. Bxh7+ Kxh7 18. Qh5+ Kg8 19. Kxh2 Qd5 20. f3 f6 21. Rad1 Qb5 22. Bxe5 fxe5 23. Nc4 1-0

[Event "Malakoff op 5th"]
[Site "Malakoff"]
[Date "2006.04.09"]
[Round "2"]
[White "Gidel, Jean Louis"]
[Black "Pira, Davoud"]
[Result "0-1"]
[WhiteElo "2162"]
[BlackElo "2395"]
[PlyCount "78"]
[EventDate "2006.04.08"]
[EventType "swiss"]
[EventRounds "9"]
[EventCountry "FRA"]
[SourceTitle "CBM 111 Extra"]
[Source "ChessBase"]
[SourceDate "2006.05.09"]
[SourceVersion "1"]
[SourceVersionDate "2006.05.09"]
[SourceQuality "1"]

1. c4 g6 2. Nc3 Bg7 3. g3 c5 4. Bg2 Nc6 5. e4 a6 6. Nge2 Rb8 7. a4 e6 8. 0-0 Nge7 9. d3 0-0 10. f4 d6 11. Be3 Nd4 12. Bf2 Bd7 13. Nxd4 cxd4 14. Ne2 e5 15. b4 f5 16. Ra2 Be6 17. b5 fxe4 18. Bxe4 Qd7 19. Be1 axb5 20. axb5 d5 21. cxd5 Nxd5 22. Bxd5 Bxd5 23. Rb2 Qh3 24. Rf2 g5 25. Bb4 Rf5 26. Qf1 Qxf1+ 27. Rxf1 gxf4 28. gxf4 Bh6 29. Bd6 Re8 30. Rf2 exf4 31. Nxd4 Rf6 32. Bb4 f3 33. Nc2 Kf7 34. Kf1 Be6 35. Ke1 Bc4+ 36. Kd1 Bxd3 37. Bd2 Re2 38. Be1 Bxc2+ 39. Rxc2 Rd6+ 0-1

[Event "Malakoff op 5th"]
[Site "Malakoff"]
[Date "2006.04.08"]
[Round "1"]
[White "Pira, Davoud"]
[Black "De Lagontrie, Jean"]
[Result "1-0"]
[WhiteElo "2395"]
[BlackElo "1979"]
[PlyCount "73"]
[EventDate "2006.04.08"]
[EventType "swiss"]
[EventRounds "9"]
[EventCountry "FRA"]
[SourceTitle "CBM 111 Extra"]
[Source "ChessBase"]
[SourceDate "2006.05.09"]
[SourceVersion "1"]
[SourceVersionDate "2006.05.09"]
[SourceQuality "1"]

1. d4 d5 2. c4 c6 3. Nf3 e6 4. Nc3 dxc4 5. a4 Bb4 6. e3 b5 7. Bd2 a5 8. axb5 Bxc3 9. Bxc3 cxb5 10. b3 Bb7 11. bxc4 b4 12. Bd2 Nd7 13. Bd3 Ngf6 14. 0-0 0-0 15. Qc2 Qc7 16. c5 Bc6 17. e4 h6 18. Rfe1 Qb7 19. Rab1 Rfc8 20. e5 Nd5 21. Re4 Nf8 22. Bxh6 Ng6 23. Rg4 Nde7 24. Nh4 Be8 25. Be4 Qc7 26. Nxg6 Nxg6 27. h4 gxh6 28. h5 Qe7 29. hxg6 f5 30. exf6 Qxf6 31. g7 Bc6 32. Bh7+ Kf7 33. Qd2 Ke7 34. g8Q Rxg8 35. Bxg8 Rf8 36. Re1 Bd5 37. Bxe6 1-0

[Event "FRA-chT2B 0506"]
[Site "France"]
[Date "2006.04.01"]
[Round "10.2"]
[White "Silva Lillo, Sebastian"]
[Black "Pira, Davoud"]
[Result "1-0"]
[WhiteElo "2338"]
[BlackElo "2411"]
[PlyCount "67"]
[EventDate "2005.10.27"]
[EventType "team-tourn"]
[EventRounds "11"]
[EventCountry "FRA"]
[SourceTitle "EXT 2006"]
[Source "ChessBase"]
[SourceDate "2005.11.24"]
[SourceVersion "1"]
[SourceVersionDate "2005.11.24"]
[SourceQuality "1"]
[WhiteTeam "Clichy II"]
[BlackTeam "Lutece"]
[WhiteTeamCountry "FRA"]
[BlackTeamCountry "FRA"]

1. d4 g6 2. e4 Bg7 3. Nc3 d6 4. Nf3 a6 5. a4 b6 6. h3 Bb7 7. Bc4 e6 8. Bg5 Ne7 9. Qd2 h6 10. Be3 Nd7 11. 0-0 Nf6 12. Bd3 d5 13. e5 Ne4 14. Qe2 c5 15. Nb1 cxd4 16. Bxd4 Nc6 17. c3 Qc7 18. Re1 Nc5 19. Bc2 Nd7 20. Nbd2 Nxd4 21. Nxd4 Qxe5 22. Qg4 h5 23. Qf3 Qf6 24. Qg3 e5 25. f4 0-0 26. fxe5 Nxe5 27. Re2 h4 28. Qh2 Rae8 29. Rae1 Re7 30. Rf1 Qg5 31. N2f3 Qh5 32. Rfe1 Rfe8 33. Kh1 Kf8 34. Nf5 1-0

[Event "FRA-chT2B 0506"]
[Site "France"]
[Date "2006.03.12"]
[Round "9.2"]
[White "Pira, Davoud"]
[Black "Gervasio, Ricardo"]
[Result "1/2-1/2"]
[WhiteElo "2411"]
[BlackElo "2295"]
[PlyCount "64"]
[EventDate "2005.10.27"]
[EventType "team-tourn"]
[EventRounds "11"]
[EventCountry "FRA"]
[SourceTitle "EXT 2006"]
[Source "ChessBase"]
[SourceDate "2005.11.24"]
[SourceVersion "1"]
[SourceVersionDate "2005.11.24"]
[SourceQuality "1"]
[WhiteTeam "Lutece"]
[BlackTeam "Rosny sous Bois"]
[WhiteTeamCountry "FRA"]
[BlackTeamCountry "FRA"]

1. d4 Nf6 2. Nf3 d5 3. c4 dxc4 4. e3 a6 5. Bxc4 e6 6. 0-0 c5 7. Bd3 Nc6 8. a3 cxd4 9. exd4 Be7 10. Nc3 b5 11. Bg5 Bb7 12. Rc1 0-0 13. Bb1 Na5 14. Qd3 g6 15. Ne5 Rc8 16. Ba2 Nd5 17. Bxe7 Nxe7 18. Ne4 Nf5 19. Rxc8 Bxc8 20. Rd1 Bb7 21. b4 Nc6 22. Nc5 Ba8 23. Nf3 Nce7 24. Nxa6 Nd5 25. Bxd5 Bxd5 26. Nc5 Nd6 27. Ne5 Qg5 28. f3 Nc4 29. Nxc4 Bxc4 30. Qc3 Qd5 31. Ne4 f5 32. Nf2 Rd8 1/2-1/2